El cristianismo y los esenios de Qumrán / (Registro nro. 105180)

Detalles MARC
000 -LEADER
campo de control de longitud fija 00756nam a22002411 4500
001 - NÚMERO DE CONTROL
campo de control 105180
003 - IDENTIFICADOR DE NÚMERO DE CONTROL
campo de control ES-MaACL
005 - FECHA Y HORA DE LA ÚLTIMA TRANSACCIÓN
campo de control 20240306144903.0
007 - CAMPO FIJO DE DESCRIPCIÓN FÍSICA--INFORMACIÓN GENERAL
campo de control de longitud fija t|
008 - DATOS DE LONGITUD FIJA--INFORMACIÓN GENERAL
campo de control de longitud fija 060615s1965 sp ||||0| spa d
016 7# - NÚMERO DE CONTROL DE UNA AGENCIA BIBLIOGRÁFICA NACIONAL
Número de control cancelado/no válido IND9200523470
040 ## - FUENTE DE CATALOGACIÓN
Centro catalogador/agencia de origen M-BN
Lengua de catalogación spa
Centro/agencia transcriptor A2
080 ## - NÚMERO DE LA CLASIFICACIÓN DECIMAL UNIVERSAL
Número de la Clasificación Decimal Universal 225.07
100 1# - ENTRADA PRINCIPAL--NOMBRE DE PERSONA
Nombre de persona López Melús, Francisco María.
9 (RLIN) 73775
245 13 - MENCIÓN DEL TÍTULO
Título El cristianismo y los esenios de Qumrán /
Mención de responsabilidad, etc. Francisco Mª López Melús.
260 ## - PUBLICACIÓN, DISTRIBUCIÓN, ETC.
Lugar de publicación, distribución, etc. Madrid :
Nombre del editor, distribuidor, etc. [Edicabi,
Fecha de publicación, distribución, etc. 1965]
300 ## - DESCRIPCIÓN FÍSICA
Extensión 107 p., 1 h ;
Dimensiones 20 cm.
490 1# - MENCIÓN DE SERIE
Mención de serie Selección bíblica ;
Designación de volumen o secuencia 15
630 #4 - PUNTO DE ACCESO ADICIONAL DE MATERIA--TÍTULO UNIFORME
Título uniforme Biblia.
Nombre de parte o sección de la obra N.T.-
Subdivisión general Crítica e interpretación
9 (RLIN) 119291
830 0# - PUNTO DE ACCESO ADICIONAL DE SERIE-TÍTULO UNIFORME
Título uniforme Selección bíblica ;
Designación de volumen o secuencia 15
9 (RLIN) 184968
852 ## - LOCALIZACIÓN
Ubicación ES-MaACL
Número de control de estantería C-27990
Sublocalización o colección R.57224
Existencias
Estatus retirado Estado de pérdida Estado de daño No para préstamo Biblioteca de origen Biblioteca actual Ubicación en estantería Fecha de adquisición Fuente de adquisición Total de préstamos Signatura topográfica completa Código de barras Visto por última vez Precio de reemplazo Tipo de ítem Koha
        Biblioteca del Ateneo de Madrid Biblioteca del Ateneo de Madrid Depósito 2 17/01/2008     C-27990 1109810 23/02/2023 23/02/2023 Libro impreso